000 01437nam a2200361 a 4500
001 ebr10369732
003 CaPaEBR
006 m u
007 cr cn|||||||||
008 000826s2000 enka sb 001 0 eng d
010 _z 00699088
020 _z0761966129
020 _z0761966137 (pbk)
020 _z9780761966128
020 _z9780857022240 (e-book)
040 _aCaPaEBR
_cCaPaEBR
035 _a(OCoLC)607527824
050 1 4 _aT55.3.B43
_bS88 2000eb
082 0 4 _a658.3/82
_221
100 1 _aSutherland, Valerie J.
245 1 4 _aThe management of safety
_h[electronic resource] :
_bthe behavioural approach to changing organizations /
_cValerie J. Sutherland, Peter J. Makin and Charles J. Cox.
260 _aLondon ;
_aThousand Oaks, Calif. :
_bSAGE,
_c2000.
300 _aiv, 153 p. :
_bill.
504 _aIncludes bibliographical references (p. [147]-149) and index.
533 _aElectronic reproduction.
_bPalo Alto, Calif. :
_cebrary,
_d2013.
_nAvailable via World Wide Web.
_nAccess may be limited to ebrary affiliated libraries.
650 0 _aIndustrial safety
_xPsychological aspects.
650 0 _aIndustrial safety
_xManagement.
655 7 _aElectronic books.
_2local
700 1 _aMakin, Peter J.
700 1 _aCox, Charles.
710 2 _aebrary, Inc.
856 4 0 _uhttp://site.ebrary.com/lib/rucke/Doc?id=10369732
_zAn electronic book accessible through the World Wide Web; click to view
999 _c110145
_d110145